00846nam a2200241 a 450000100060000000300080000600500170001400800410003103500190007204000270009104100080011808200260012610000570015224500630020926000530027230000240032550000200034965000370036965000300040694200120043699900170044895201390046566738BD-RjUL20211209081555.0170319s1948 nyu 001 0 eng d a(BD-RjUL)66869 aDLCcDLCdBD-RjULbeng aeng00a155.234223bPLP 19481 aPlant, James S.q(James Stuart),d1890-1947.919757410aPersonality and the cultural pattern /cby James S. Plant. aNew York :bCommonwealth,cc1937 [Printing 1948] ax, 432 p. ;c24 cm. aIncludes Index. 0aPersonality and culture.9197575 0aChild psychology.9197576 2ddccBK c66738d66738 00102ddc40718NFICaRUCLbRUCLcReadingd1961-07-21eAsia Foundationl0o155.234 PLP 1948r2017-03-19 00:00:00tC-1w2017-03-19yBK